00994nab a22002177a 4500999001500000003000400015005001700019008004100036040000700077100003100084245011500115300001300230505020400243505007200447650002800519650006000547650001900607650003300626773010400659942001300763 c5824d5824OSt20260107121401.0190514b xxu||||| |||| 00| 0 spa d cPJ 96729aMastromauro, Susana 10aDerecho y obligación alimentaria de los adultos mayores en el derecho de las familias /cSusana Mastromauro. ap. 75-94 aSumario: I. Introducción.— II. Obligación alimentaria entre parientes.— III. Derecho alimentario de los adultos mayores.— IV. La obligación alimentaria de los abuelos.— V. Conclusión. tSi te interesa el texto, comunicate a koha@justierradelfuego.gov.ar 09967aDERECHO DE FAMILIA 095363aDERECHOS HUMANOS DE LAS PERSONAS CON DISCAPACIDAD 09968aALIMENTOS 091074aOBLIGACION ALIMENTARIA0 0284493222dBuenos Aires : AbeledoPerrot, 1989-tDerecho de familia. N° 118 - Marzo 2025z18511201 2udccANA